Too busy for your own good : get more done in less time-with even more energy

Bibliographic Details
Main Author: Merritt, Connie
Format: Book
Published: New York : McGraw-Hill Companies Inc. , 2009
Subjects:

MARC

LEADER 00000cam a2200000 7i4500
001 0000136622
005 20100209.0
020 |a 0071612866 
020 |a 9780071612869 
090 0 0 |a 640.43   |b MER 
100 1 |a Merritt, Connie 
245 1 0 |a Too busy for your own good :   |b get more done in less time-with even more energy   |c Connie Merritt 
260 |a New York :   |b McGraw-Hill Companies Inc. ,   |c 2009 
300 |a 240p. ;   |c 21cm. 
650 0 0 |a Time management 
999 |a 00229449   |b BUKU   |c PINJAMAN   |e PERPUSTAKAAN KOMUNITI PETALING JAYA